00944nam a2200193 a 450000100100000000500170001000800410002704000250006810000250009324501210011826000770023930000200031650000420033670000280037895201110040695201110051795201050062899900170073300003808120201002031154.0130313s2010 dr 000 0 spa d aDO-SdBNPbspacBNPHU1 aReyes, José92698010aParticipar, a partir del anteproyecto de ley de participación /cJosé Reyes, ; presentación Marcos Villamán. aSanto Domingo :bConsejo Nacional de Reforma del Estado (CONARE),c2010. a16 p. ;c29 cm. aIncluye notas al pie de las páginas1 aVillamán, Marcos9760 0010718DSaGRbGRcCTd2013-03-13iLF1l0o p38081-30r2020-06-25te. 3w2020-06-25yLFDSZNo se presta 0010718PDaPDbPDcCTd2013-03-13iLF1l0o p38081-10r2020-06-25te. 2w2020-06-25yLFPDZNo se presta 0010718PDaPDbPDcCTd2013-03-13iLF1l0o p38081-20r2020-06-25w2020-06-25yLFPDZNo se presta c37571d37571